[Event "ICS rated blitz match"]
[Site "204.178.125.65"]
[Date "2000.09.20"]
[Round "?"]
[White "Tinker"]
[Black "Hossa"]
[Result "0-1"]
[WhiteElo "2478"]
[BlackElo "2509"]
[PlyCount "52"]
[EventDate "2000.??.??"]

1. Nf3 Nf6 2. d3 Nc6 3. e4 d5 4. e5 Nd7 5. Bf4 g5 6. Bxg5 Ndxe5 7. Nxe5 Nxe5 8.
Be2 Rg8 9. Qd2 f6 10. Bh6 Rxg2 11. Bh5+ Nf7 12. Na3 e5 13. Bxf8 Kxf8 14. O-O-O
Ke7 15. Rdg1 Qg8 16. Qd1 c6 17. h4 Qg7 18. Rxg2 Qxg2 19. Qe1 Qg7 20. Qb4+ Nd6
21. Kb1 Be6 22. Qd2 Kd7 23. d4 Ne4 24. Rg1 Nxd2+ 25. Kc1 Qxg1+ 26. Kxd2 Qxf2+ {
Tinker resigns} 0-1

[Event "ICS rated blitz match"]
[Site "204.178.125.65"]
[Date "2000.09.20"]
[Round "?"]
[White "Hossa"]
[Black "PostModernist"]
[Result "0-1"]
[WhiteElo "2524"]
[BlackElo "2654"]
[PlyCount "128"]
[EventDate "2000.??.??"]

1. e4 c5 2. Nf3 g6 3. d4 cxd4 4. Nxd4 Nc6 5. Nc3 Bg7 6. Be3 Nf6 7. Bc4 Qa5 8.
O-O O-O 9. Nd5 Nxd5 10. exd5 Ne5 11. Bb3 d6 12. Bg5 Re8 13. Re1 Bg4 14. f3 Bd7
15. Be3 Qa6 16. Qe2 Qxe2 17. Nxe2 b5 18. Bd4 a5 19. a4 b4 20. Kh1 Rac8 21. Rab1
Nc4 22. Bxg7 Kxg7 23. Red1 Ne3 24. Rd2 e6 25. dxe6 Bxe6 26. Bxe6 Rxe6 27. Nd4
Re5 28. Nb5 Rxc2 29. Rxc2 Nxc2 30. Nxd6 h5 31. Kg1 Nd4 32. Kf2 Re2+ 33. Kg3 g5
34. b3 Ra2 35. h4 Ne2+ 36. Kh2 Nf4 37. Rg1 gxh4 38. Kh1 Rb2 39. Nc4 Rxb3 40.
Nxa5 Ra3 41. Nc6 b3 42. Ne5 f6 43. Nc4 Rxa4 44. Nb2 Ra2 45. Nc4 Kh7 46. Rb1 h3
47. gxh3 Rc2 48. Ne3 Rc3 49. Nf5 Nd3 50. Kg2 b2 51. Ne7 Rc1 52. Rxb2 Nxb2 53.
Nd5 Kg6 54. h4 Kf5 55. Kf2 Ke5 56. Nb6 Kd6 57. Kg3 Rc6 58. Na8 Ke5 59. Kf2 Kf4
60. Kg2 Rc2+ 61. Kg1 Kg3 62. Kf1 Nd3 63. Nb6 Kh2 64. Nd5 Rf2# {Hossa checkmated
} 0-1

[Event "ICS rated blitz match"]
[Site "204.178.125.65"]
[Date "2000.09.20"]
[Round "?"]
[White "PostModernist"]
[Black "Hossa"]
[Result "1/2-1/2"]
[WhiteElo "2664"]
[BlackElo "2514"]
[PlyCount "291"]
[EventDate "2000.??.??"]

1. e4 e5 2. Bc4 Nf6 3. d3 Nc6 4. Nc3 Bb4 5. Bg5 Na5 6. Nge2 Nxc4 7. dxc4 d6 8.
O-O c6 9. a3 Ba5 10. b4 Bc7 11. Ng3 h6 12. Bxf6 Qxf6 13. Qe2 O-O 14. Rfd1 Be6
15. Rab1 Qf4 16. Qf1 g6 17. a4 Bg4 18. Rd3 Qg5 19. a5 Be6 20. Rdd1 Qf4 21. Qd3
f5 22. f3 Qh4 23. Rbc1 Rf7 24. Re1 Rg7 25. Rcd1 Rf8 26. exf5 gxf5 27. f4 e4 28.
Qe2 Rg4 29. Qe3 Bb8 30. c5 d5 31. Nce2 Re8 32. Rf1 Bc7 33. Qf2 Bd7 34. Qe3 Rg7
35. Nd4 Qg4 36. Kh1 h5 37. Qe2 Qxe2 38. Ngxe2 Kf7 39. g3 Kf6 40. Rg1 Rh8 41. h4
Rhg8 42. Kg2 Kf7 43. Rge1 Bd8 44. Kf2 Bf6 45. c3 a6 46. Rc1 Rg4 47. Rb1 Kg7 48.
Ke3 Kf8 49. Rg1 Kf7 50. Rbd1 R4g7 51. Kd2 Kg6 52. Rge1 Ra8 53. Ng1 Kh6 54. Nge2
Rag8 55. Rg1 Kh7 56. Kc2 Kg6 57. Rge1 Rh7 58. Kd2 Re7 59. Kc1 Be8 60. Kc2 Bf7
61. Kb3 Ree8 62. Rd2 Rg7 63. Rdd1 Rh8 64. Rc1 Rd8 65. Rcd1 Bg8 66. Kb2 Re8 67.
Kb3 Bd8 68. Kc2 Bf7 69. Ng1 Be7 70. Nh3 Bf6 71. Ng5 Bg8 72. Re3 Rc7 73. Rde1
Rce7 74. R3e2 Rg7 75. Kb1 Rc8 76. Rd1 Re7 77. Kc1 Rd8 78. Kd2 Rde8 79. Re3 Rc7
80. Ke2 Rd7 81. Kf1 Rg7 82. Kf2 Bd8 83. Re2 Rc7 84. Rh1 Bf6 85. Rhe1 Rd7 86.
Kg2 Rde7 87. Re3 Rg7 88. Kf2 Rb8 89. Rd1 Re7 90. Ree1 Rbe8 91. Kg2 Rd7 92. Re2
Rc7 93. Re3 Ree7 94. Ree1 Rg7 95. Kf2 Bxd4+ 96. cxd4 Rce7 97. Re3 Re8 98. Rde1
Rd8 99. Ke2 Rf8 100. Kd2 Re8 101. Nf3 Be6 102. Ne5+ Kf6 103. Kc2 Bf7 104. Kb2
Bg8 105. Rc1 Be6 106. Ra1 Reg8 107. Rg1 Re7 108. Rh1 Kg7 109. Ra1 Kh6 110. Rae1
Kh7 111. Kb1 Reg7 112. Rg1 Re8 113. Kc2 Kh6 114. Kd2 Rgg8 115. Rge1 Re7 116.
R1e2 Reg7 117. Rg2 Rh8 118. Kc2 Re8 119. Rg1 Kh7 120. Kc1 Kg8 121. Kb2 Kf8 122.
Kc2 Ree7 123. Rge1 Rg8 124. Rf1 Kg7 125. Kd2 Kh6 126. Ra1 Bd7 127. Rd1 Be8 128.
Rde1 Reg7 129. Rg1 Bd7 130. Rb1 Be6 131. Rbb3 Kh7 132. Kd1 Re8 133. Rb2 Kh6
134. Rbe2 Reg8 135. Rg2 Re7 136. Rg1 Ree8 137. Rge1 Kg7 138. Ke2 Kf6 139. Kf1
Rg7 140. R1e2 Reg8 141. Rg2 Re7 142. Ra2 Ree8 143. Ke2 Rg7 144. Ra1 Reg8 145.
Kf2 Re7 146. Rg1 {Game drawn by the 50 move rule} 1/2-1/2

[Event "ICS rated blitz match"]
[Site "204.178.125.65"]
[Date "2000.09.20"]
[Round "?"]
[White "Hossa"]
[Black "inmortal"]
[Result "1-0"]
[WhiteElo "2521"]
[BlackElo "2410"]
[PlyCount "80"]
[EventDate "2000.??.??"]

1. e4 e5 2. f4 d5 3. exd5 e4 4. d3 Nf6 5. dxe4 Nxe4 6. Nf3 Nf6 7. Bc4 Be7 8.
Nc3 O-O 9. Be3 a6 10. O-O b5 11. Bb3 b4 12. Ne2 Bb7 13. c4 a5 14. Re1 Na6 15.
Ne5 Nc5 16. Nd4 Bd6 17. Bc2 a4 18. Nec6 Bxc6 19. Nxc6 Qd7 20. Bd4 b3 21. axb3
axb3 22. Rxa8 Rxa8 23. Bxb3 Nxb3 24. Qxb3 Bxf4 25. Bxf6 gxf6 26. Qf3 Be5 27.
Nxe5 fxe5 28. Qg3+ Kf8 29. Qxe5 Qg4 30. h3 Qg6 31. Qxc7 Kg8 32. b4 Ra2 33. Re8+
Kg7 34. Qe5+ Kh6 35. Qf4+ Kg7 36. Qd4+ Kh6 37. Qh4+ Kg7 38. Qg4 Qxg4 39. hxg4
Rb2 40. d6 Rxb4 {inmortal resigns} 1-0

[Event "ICS rated blitz match"]
[Site "204.178.125.65"]
[Date "2000.09.20"]
[Round "?"]
[White "inmortal"]
[Black "Hossa"]
[Result "0-1"]
[WhiteElo "2382"]
[BlackElo "2533"]
[PlyCount "52"]
[EventDate "2000.??.??"]

1. e4 e5 2. Nc3 Nf6 3. f4 d5 4. fxe5 Nxe4 5. Nf3 Be7 6. Qe2 Nxc3 7. dxc3 O-O 8.
Bf4 c6 9. O-O-O Qa5 10. Kb1 Na6 11. g4 Nc5 12. Rg1 Re8 13. Nd4 Ne6 14. Bc1 Nf8
15. Qf3 Ng6 16. h4 Nxe5 17. Qf4 Bxh4 18. g5 Ng6 19. Qh2 Re7 20. Bd3 Qc7 21. Qh1
Bg3 22. Qh5 Qe5 23. Rh1 h6 24. Nf3 Nf4 25. Nxe5 Nxh5 26. Nxf7 Bg4 {
inmortal resigns} 0-1

[Event "ICS rated standard match"]
[Site "204.178.125.65"]
[Date "2000.09.20"]
[Round "?"]
[White "GreenGiant"]
[Black "Hossa"]
[Result "1-0"]
[WhiteElo "2134"]
[BlackElo "2393"]
[PlyCount "117"]
[EventDate "2000.??.??"]

1. d4 d5 2. c4 e6 3. Nc3 Nf6 4. Bg5 Be7 5. e3 O-O 6. Nf3 Nbd7 7. Rc1 c6 8. Bd3
dxc4 9. Bxc4 Nd5 10. Bxe7 Qxe7 11. O-O Nxc3 12. Rxc3 e5 13. Bb3 Rd8 14. Qc2
exd4 15. exd4 Qf6 16. Re1 Nf8 17. Ne5 Ne6 18. Rf3 Qe7 19. Rxf7 Qb4 20. Qc3 Qxc3
21. bxc3 Re8 22. Rc7 Kf8 23. Nd7+ Bxd7 24. Rxd7 Ng5 25. Re5 Rxe5 26. dxe5 Re8
27. Rxb7 Re7 28. Rb8+ Re8 29. Rxe8+ Kxe8 30. f3 Kd7 31. Kf2 Ne6 32. Ke3 Nc7 33.
Bc4 Nb5 34. Bxb5 cxb5 35. f4 Kc7 36. f5 Kd7 37. g4 h6 38. h4 Ke8 39. Kd4 a5 40.
Kc5 a4 41. Kxb5 a3 42. Kb4 Kd7 43. Kxa3 Ke8 44. Kb4 Ke7 45. Kc5 Kd7 46. a4 Ke8
47. a5 Kd7 48. g5 hxg5 49. hxg5 Kd8 50. f6 Ke8 51. a6 Kd7 52. a7 Ke6 53. a8=Q
gxf6 54. exf6 Kf5 55. f7 Kg4 56. f8=Q Kg3 57. Qaf3+ Kh2 58. Qh8+ Kg1 59. Qhh1#
{Hossa checkmated} 1-0

[Event "ICS rated blitz match"]
[Site "204.178.125.65"]
[Date "2000.09.20"]
[Round "?"]
[White "Powerslave"]
[Black "Hossa"]
[Result "1-0"]
[WhiteElo "2791"]
[BlackElo "2542"]
[PlyCount "59"]
[EventDate "2000.??.??"]

1. d4 d5 2. Nf3 e6 3. Bg5 Nf6 4. Nbd2 h6 5. Bh4 g5 6. Bg3 Nh5 7. e4 f6 8. exd5
Nxg3 9. hxg3 exd5 10. Qe2+ Kd7 11. c4 dxc4 12. Qxc4 g4 13. Nh4 Qe8+ 14. Be2 c6
15. O-O Kc7 16. Rfe1 Qh5 17. Bd3 b5 18. Qb3 f5 19. Bxb5 cxb5 20. Rac1+ Nc6 21.
Qxb5 Bb7 22. d5 Rd8 23. dxc6 Ba8 24. Qa5+ Kc8 25. Qxa7 Bc5 26. Qxa8+ Kc7 27.
Qb7+ Kd6 28. Nc4+ Kd5 29. c7+ Kd4 30. Red1# {Hossa checkmated} 1-0

[Event "ICS rated blitz match"]
[Site "204.178.125.65"]
[Date "2000.09.20"]
[Round "?"]
[White "Hossa"]
[Black "Tinker"]
[Result "1-0"]
[WhiteElo "2536"]
[BlackElo "2459"]
[PlyCount "137"]
[EventDate "2000.??.??"]

1. d4 d5 2. Nf3 Nf6 3. e3 Bg4 4. c4 e6 5. Nc3 Nc6 6. h3 Bxf3 7. Qxf3 Bb4 8.
cxd5 Nxd5 9. Bd2 O-O 10. Bc4 Nxc3 11. bxc3 Ba3 12. Rb1 Rb8 13. O-O Na5 14. Bd3
Qd5 15. Qxd5 exd5 16. Rb5 Nc4 17. Bxc4 dxc4 18. Ra5 Bd6 19. Rxa7 Ra8 20. Rxb7
Rxa2 21. Rd1 Rfa8 22. g3 f5 23. Kg2 g6 24. Kf3 R8a3 25. Be1 Kf7 26. Rdb1 Ra8
27. Rb8 Rxb8 28. Rxb8 Ke6 29. Rg8 Ra1 30. Ke2 Ra2+ 31. Kf1 Kf7 32. Rb8 Ra1 33.
Ke2 Ke6 34. Re8+ Be7 35. Bd2 Kd7 36. Rg8 Bf6 37. Rb8 Kd6 38. h4 Ra2 39. f3 Ke6
40. Rb7 Bd8 41. e4 fxe4 42. fxe4 g5 43. h5 g4 44. Rb5 Be7 45. h6 c6 46. Re5+
Kf7 47. Rf5+ Ke6 48. Ke3 Bf6 49. Rc5 Kd7 50. Rh5 Be7 51. Rf5 Ke6 52. Rh5 Kd7
53. Be1 Ba3 54. Kf4 Ke6 55. Rh1 Ra1 56. Kxg4 Bb2 57. Rh2 Rxe1 58. Rxb2 Rxe4+
59. Kf3 Re1 60. Re2+ Rxe2 61. Kxe2 Kf5 62. Kf3 Kg5 63. Ke4 Kxh6 64. Ke5 Kh5 65.
Kd6 h6 66. Kxc6 Kg6 67. d5 h5 68. d6 Kf5 69. d7 {Tinker resigns} 1-0

[Event "ICS rated blitz match"]
[Site "204.178.125.65"]
[Date "2000.09.20"]
[Round "?"]
[White "Hossa"]
[Black "Dorky"]
[Result "1-0"]
[WhiteElo "2549"]
[BlackElo "2482"]
[PlyCount "39"]
[EventDate "2000.??.??"]

1. e4 e5 2. Nf3 Nc6 3. Nc3 Nf6 4. Nxe5 Nxe5 5. d4 Nc6 6. d5 Na5 7. e5 Qe7 8.
Qe2 Ng8 9. d6 Qh4 10. Nd5 Rb8 11. g3 Qd4 12. Nxc7+ Kd8 13. Bg5+ Ne7 14. c3 Qa4
15. Qf3 Nb3 16. Qxf7 Qe4+ 17. Kd1 Qg4+ 18. Be2 Qxe2+ 19. Kxe2 Nc1+ 20. Raxc1 {
Dorky resigns} 1-0

[Event "ICS rated blitz match"]
[Site "204.178.125.65"]
[Date "2000.09.20"]
[Round "?"]
[White "Sandbagger187"]
[Black "Hossa"]
[Result "0-1"]
[WhiteElo "2138"]
[BlackElo "2562"]
[PlyCount "35"]
[EventDate "2000.??.??"]

1. e4 e5 2. Nc3 Nf6 3. f4 d5 4. fxe5 Nxe4 5. d3 Nxc3 6. bxc3 c5 7. Nf3 Nc6 8.
Be2 Be7 9. O-O O-O 10. d4 f6 11. Bf4 fxe5 12. Nxe5 Nxe5 13. Bxe5 Bf6 14. Bxf6
Rxf6 15. Qd2 Bf5 16. Qg5 Be4 17. Bd3 Rxf1+ 18. Rxf1 {Sandbagger187 resigns} 0-1

[Event "ICS rated blitz match"]
[Site "204.178.125.65"]
[Date "2000.09.20"]
[Round "?"]
[White "Powerslave"]
[Black "Hossa"]
[Result "1-0"]
[WhiteElo "2799"]
[BlackElo "2565"]
[PlyCount "143"]
[EventDate "2000.??.??"]

1. Nf3 Nf6 2. d4 e6 3. c4 d5 4. Nc3 dxc4 5. e4 Bb4 6. Bg5 h6 7. Bxf6 Qxf6 8.
Bxc4 O-O 9. O-O Nc6 10. e5 Qf4 11. Bd3 f6 12. Ne2 Qg4 13. h3 Qh5 14. a3 Ba5 15.
Qc2 f5 16. Bc4 Qf7 17. Nf4 g5 18. d5 gxf4 19. dxc6 bxc6 20. Rad1 Bd7 21. b4 Bb6
22. Ba6 Qe7 23. Bb7 Rad8 24. Bxc6 Kh8 25. Bxd7 Rxd7 26. Qc4 Rg8 27. Qxf4 Qg7
28. Qh2 Qe7 29. Rxd7 Qxd7 30. Rc1 Bd4 31. Rc4 Bb6 32. Qf4 Qd1+ 33. Kh2 Rg6 34.
Nh4 Rg5 35. Rc6 Qd5 36. Rc2 Qe4 37. Qxe4 fxe4 38. f4 exf3 39. Nxf3 Rg7 40. a4
Kh7 41. Rc6 Re7 42. g3 a5 43. bxa5 Be3 44. g4 Kg6 45. Kg2 Ba7 46. Kg3 Kh7 47.
Kf4 Kg6 48. Ke4 h5 49. gxh5+ Kxh5 50. a6 Kg6 51. h4 Kh5 52. Ng5 Kxh4 53. Nxe6
Bb8 54. Nd4 Kg5 55. Nb5 Rf7 56. a7 Bxa7 57. Nxa7 Rf4+ 58. Kd5 Rxa4 59. Rxc7
Ra5+ 60. Kd6 Ra3 61. e6 Rd3+ 62. Ke7 Kg6 63. Ke8 Rh3 64. e7 Rd3 65. Rc6+ Kg7
66. Nb5 Rh3 67. Kd8 Rg3 68. e8=Q Kh7 69. Qf7+ Rg7 70. Ke7 Rxf7+ 71. Kxf7 Kh8
72. Rh6# {Hossa checkmated} 1-0

[Event "ICS rated blitz match"]
[Site "204.178.125.65"]
[Date "2000.09.20"]
[Round "?"]
[White "Hossa"]
[Black "Dorky"]
[Result "1-0"]
[WhiteElo "2558"]
[BlackElo "2475"]
[PlyCount "169"]
[EventDate "2000.??.??"]

1. d4 Nf6 2. Nf3 e6 3. c4 b6 4. Nc3 Bb7 5. a3 d5 6. cxd5 Nxd5 7. e3 Be7 8. Bb5+
c6 9. Bd3 Nd7 10. e4 Nxc3 11. bxc3 O-O 12. O-O c5 13. Bf4 cxd4 14. cxd4 Rc8 15.
Re1 Rc3 16. a4 g5 17. Bg3 Bb4 18. Bb5 Rc8 19. Re2 g4 20. Ne5 Nxe5 21. Bxe5 f6
22. Bf4 a6 23. Qb3 Bc3 24. Rc1 axb5 25. Rxc3 Qxd4 26. Qxe6+ Kh8 27. Rce3 bxa4
28. Re1 Rg8 29. Bd6 Rg6 30. Be7 Rc6 31. Qf7 Rg7 32. Qe8+ Rg8 33. Qf7 Qe5 34.
Ra3 b5 35. Rd3 Bc8 36. Rd8 Rxd8 37. Bxd8 h5 38. Be7 Qe6 39. Qxh5+ Kg7 40. Qxb5
Rc7 41. Bb4 Bd7 42. Qd3 Rb7 43. Bc3 a3 44. Qd2 Kf7 45. Qc2 a2 46. e5 fxe5 47.
Qh7+ Kf8 48. Qh8+ Kf7 49. Qh5+ Qg6 50. Qxe5 Rb1 51. Qe7+ Kg8 52. Qd8+ Be8 53.
Qd5+ Qf7 54. Qe5 Kh7 55. f3 gxf3 56. Qe4+ Kg8 57. gxf3 Rxe1+ 58. Qxe1 Bc6 59.
Qg3+ Kh7 60. Qh3+ Kg6 61. Qg4+ Kh6 62. Kf2 Bd7 63. Qh4+ Kg6 64. Qg3+ Kh7 65.
Qg5 Be6 66. Bd4 Bf5 67. h4 Bg6 68. Qd8 Bh5 69. Qh8+ Kg6 70. Qa8 Bg4 71. Kg3 Bf5
72. Qh8 Be6 73. Qe5 Kh7 74. h5 Qg8+ 75. Kf2 a1=Q 76. Bxa1 Kh6 77. Bc3 Bh3 78.
Bd2+ Kh7 79. Qe4+ Kh8 80. Bc3+ Qg7 81. Bxg7+ Kxg7 82. Qe7+ Kh6 83. Qf6+ Kxh5
84. f4 Bg4 85. Qg5# {Dorky checkmated} 1-0

[Event "ICS rated blitz match"]
[Site "204.178.125.65"]
[Date "2000.09.20"]
[Round "?"]
[White "Hossa"]
[Black "GSG"]
[Result "1-0"]
[WhiteElo "2570"]
[BlackElo "2256"]
[PlyCount "61"]
[EventDate "2000.??.??"]

1. e4 c5 2. Nf3 d6 3. d4 cxd4 4. Nxd4 Nf6 5. Nc3 e5 6. Bb5+ Nfd7 7. Nf5 a6 8.
Bxd7+ Qxd7 9. O-O Qd8 10. Be3 Bxf5 11. exf5 Nd7 12. Nd5 Rc8 13. c3 Be7 14. Qf3
b5 15. Nxe7 Kxe7 16. Qb7 Ra8 17. Rad1 Qb8 18. Qe4 Rd8 19. Qh4+ Nf6 20. Bg5 h6
21. Bxf6+ gxf6 22. Qxh6 d5 23. Qe3 Qc7 24. Rd2 Qa7 25. Rfd1 Qxe3 26. fxe3 Rac8
27. Rxd5 Rxd5 28. Rxd5 Rc4 29. h3 b4 30. cxb4 Rxb4 31. b3 {GSG resigns} 1-0

[Event "ICS rated blitz match"]
[Site "204.178.125.65"]
[Date "2000.09.20"]
[Round "?"]
[White "Motoman"]
[Black "Hossa"]
[Result "0-1"]
[WhiteElo "2017"]
[BlackElo "2575"]
[PlyCount "88"]
[EventDate "2000.??.??"]

1. e4 e5 2. Nf3 Nf6 3. Nxe5 Qe7 4. Nf3 Qxe4+ 5. Qe2 Qxe2+ 6. Bxe2 Nc6 7. O-O d5
8. Re1 Be7 9. d4 Bf5 10. c3 O-O-O 11. Bf4 h6 12. Ne5 Nxe5 13. Bxe5 Rhg8 14. Nd2
Rde8 15. Bf3 c6 16. h3 Nd7 17. Bh2 Bg5 18. Nf1 Bd3 19. Ne3 g6 20. Rad1 Bb5 21.
b3 Ba6 22. Bd6 Re6 23. Bb4 Rge8 24. Nc2 Rxe1+ 25. Rxe1 Rxe1+ 26. Nxe1 Nf6 27.
Nc2 Bd3 28. Ne3 Kd7 29. Ng4 Nxg4 30. Bxg4+ f5 31. Bd1 b6 32. Ba3 Bd2 33. Bb2
Kd6 34. g3 f4 35. gxf4 Bxf4 36. Kg2 a5 37. Kf3 g5 38. h4 h5 39. hxg5 Bxg5 40.
Kg3 h4+ 41. Kh3 Bf1+ 42. Kg4 Bf6 43. Bf3 c5 44. dxc5+ bxc5 {Motoman resigns}
0-1

[Event "ICS rated blitz match"]
[Site "204.178.125.65"]
[Date "2000.09.20"]
[Round "?"]
[White "counterplay"]
[Black "Hossa"]
[Result "1-0"]
[WhiteElo "2715"]
[BlackElo "2576"]
[PlyCount "139"]
[EventDate "2000.??.??"]

1. f4 d5 2. Nf3 Nf6 3. e3 Bg4 4. Be2 e6 5. Ne5 Bxe2 6. Qxe2 Nbd7 7. O-O h5 8.
Nc3 c6 9. d4 h4 10. e4 h3 11. g4 Rh4 12. exd5 Nxd5 13. Nxd5 Nxe5 14. Ne3 Nxg4
15. Nxg4 Qxd4+ 16. Nf2 Bc5 17. Kh1 O-O-O 18. Ne4 Bb6 19. Nc3 Rhh8 20. Rb1 Qc5
21. Bd2 Rd7 22. Be1 Qf5 23. Bf2 Bxf2 24. Rxf2 Qc5 25. Rf3 Qf5 26. Rg1 f6 27.
Ne4 Rd4 28. Re1 Kb8 29. c3 Rdd8 30. b4 Rhe8 31. Nf2 e5 32. fxe5 Qe6 33. Nxh3
fxe5 34. Re3 Rh8 35. Ng5 Qd5+ 36. Kg1 e4 37. Nxe4 Qf7 38. Nc5 Rh5 39. Re7 Rg5+
40. Kh1 Qd5+ 41. Qe4 Qd6 42. Qe6 Qd2 43. Rxb7+ Ka8 44. Rxa7+ Kxa7 45. Qf7+ Rd7
46. Qxd7+ Qxd7 47. Nxd7 Rf5 48. Re7 Rf1+ 49. Kg2 Rc1 50. Ne5+ Kb6 51. c4 Rc2+
52. Kg3 Rc1 53. c5+ Ka6 54. a4 Rg1+ 55. Kf2 Ra1 56. Nxc6 Rxa4 57. Ra7+ Kb5 58.
Nd4+ Kxb4 59. Rxa4+ Kxc5 60. Ra5+ Kc4 61. h4 Kd3 62. h5 Ke4 63. Ke2 Kf4 64. h6
gxh6 65. Kd3 Kg4 66. Ke3 Kh3 67. Kf3 Kh4 68. Re5 h5 69. Ne6 Kh3 70. Rxh5# {
Hossa checkmated} 1-0

[Event "ICS Rated standard match"]
[Site "204.178.125.65"]
[Date "2000.09.20"]
[Round "?"]
[White "Interceptor"]
[Black "Hossa"]
[Result "1-0"]
[WhiteElo "2594"]
[BlackElo "2370"]
[PlyCount "181"]
[EventDate "2000.??.??"]

1. e4 e5 2. Nf3 Nf6 3. d4 c6 4. dxe5 Nxe4 5. Bd3 Nc5 6. Bg5 f6 7. exf6 gxf6 8.
Be3 Nxd3+ 9. Qxd3 d5 10. O-O Kf7 11. c4 Na6 12. Nc3 Nb4 13. Qe2 dxc4 14. Qxc4+
Be6 15. Qf4 Rg8 16. Ne4 Nd5 17. Nfg5+ Ke7 18. Nxe6 Nxf4 19. Nxd8 Nxg2 20. Nxc6+
bxc6 21. Kh1 Nxe3 22. fxe3 Rg6 23. Rac1 Rc8 24. Rc4 Ke6 25. a3 Bd6 26. b4 Rc7
27. Rd1 Bf8 28. Rdc1 Kd7 29. Rf1 Ke6 30. h4 Be7 31. Kh2 Rg7 32. Kh3 Rg8 33.
Rfc1 Kd7 34. R4c2 Rcc8 35. Rf1 Ke6 36. Rcf2 Rcf8 37. Rf5 h6 38. Ra5 Rc8 39. Ng3
Rc7 40. Nf5 Bf8 41. Nd4+ Kf7 42. Ra6 Bd6 43. Nf5 Bf8 44. Rc1 Kg6 45. Nd4 Re7
46. Rc3 c5 47. bxc5 h5 48. c6 Bh6 49. c7 Rc8 50. Rcc6 Rf7 51. Ne6 Bxe3 52. Ra5
Rd7 53. a4 Rd1 54. Rb5 Rh1+ 55. Kg3 Rg1+ 56. Kf3 Bb6 57. a5 Bxc7 58. Nxc7 Rf1+
59. Ke3 Rh8 60. Ra6 Rh7 61. Nd5 Rd7 62. Nf4+ Kf7 63. Rf5 Re7+ 64. Kd3 Ke8 65.
Raxf6 Rd1+ 66. Kc4 Rc1+ 67. Kb5 Rh7 68. Ka6 Rc4 69. Re5+ Kd8 70. Rd5+ Rd7 71.
Rf8+ Kc7 72. Rxh5 Rc6+ 73. Kxa7 Rg7 74. Nd5+ Kd6+ 75. Kb8 Kd7 76. Nb6+ Ke7 77.
Rc8 Rd6 78. Rc7+ Kf6 79. Nd5+ Rxd5 80. Rxd5 Rg8+ 81. Rc8 Rg4 82. Rb5 Ke7 83. a6
Kd6 84. h5 Rg7 85. h6 Rg3 86. a7 Ke6 87. a8=Q Rd3 88. Qe4+ Kf7 89. Rf5+ Kg6 90.
Qe6+ Kh7 91. Rf7# {Hossa checkmated} 1-0

[Event "ICS rated standard match"]
[Site "204.178.125.65"]
[Date "2000.09.20"]
[Round "?"]
[White "Hossa"]
[Black "IamtheGame"]
[Result "1-0"]
[WhiteElo "2363"]
[BlackElo "1999"]
[PlyCount "69"]
[EventDate "2000.??.??"]

1. e4 c5 2. Nf3 d6 3. d4 cxd4 4. Nxd4 Nf6 5. Nc3 g6 6. Be3 Bg7 7. f3 O-O 8. Qd2
Nc6 9. Bc4 Bd7 10. O-O-O Rc8 11. Bb3 Ne5 12. h4 Nc4 13. Bxc4 Rxc4 14. h5 Nxh5
15. g4 Nf6 16. Bh6 Nxe4 17. Qe3 Rxc3 18. bxc3 Nf6 19. Bxg7 Kxg7 20. Rh2 Rh8 21.
Nb3 h5 22. g5 Nh7 23. f4 Bg4 24. Re1 Re8 25. Qxa7 b6 26. c4 Nf8 27. Nd4 Bd7 28.
f5 Kh7 29. Qb7 Kg7 30. fxg6 fxg6 31. Rf2 Nh7 32. Qd5 Rf8 33. Rfe2 Re8 34. c3
Bg4 35. Nc6 {IamtheGame resigns} 1-0

[Event "ICS rated blitz match"]
[Site "204.178.125.65"]
[Date "2000.09.20"]
[Round "?"]
[White "Hossa"]
[Black "PostModernist"]
[Result "1-0"]
[WhiteElo "2566"]
[BlackElo "2740"]
[PlyCount "143"]
[EventDate "2000.??.??"]

1. e4 e6 2. d4 d5 3. Nc3 Bb4 4. e5 Ne7 5. a3 Bxc3+ 6. bxc3 b6 7. Nf3 Ba6 8.
Bxa6 Nxa6 9. Bg5 c5 10. O-O O-O 11. Be3 c4 12. Ng5 h6 13. Nh3 Nc7 14. f4 Nf5
15. Bd2 Qe8 16. Nf2 Qe7 17. Qe2 b5 18. g3 a6 19. Qg4 Rfe8 20. Rfb1 Rab8 21. Rb2
Na8 22. Qh5 Nb6 23. Rbb1 Na4 24. Rd1 Rbd8 25. Rf1 Rc8 26. Qg4 Qf8 27. Qf3 Rcd8
28. Qh5 Kh8 29. g4 Ne7 30. g5 Rc8 31. Ng4 Nf5 32. gxh6 gxh6 33. Nf6 Red8 34.
Rf2 Nb6 35. Rg2 Rb8 36. Ra2 Ne7 37. Be1 Ng6 38. Qg4 Nd7 39. Bh4 Ra8 40. Ra1
Rac8 41. Bg5 Ra8 42. Qh3 Nxf6 43. Bxh6 Qe8 44. exf6 Kg8 45. f5 exf5 46. Qxf5
Qe4 47. Qh5 Rd6 48. Rf1 Ra7 49. Bg5 Qe8 50. Qh6 Qf8 51. Qh3 Rd8 52. Ra1 Qd6 53.
Qh6 Qf8 54. Qh5 Qd6 55. h3 Re8 56. Kh1 Re4 57. h4 Kf8 58. Qh7 Ke8 59. h5 Nf8
60. Qf5 Ra8 61. h6 Ne6 62. h7 Kd7 63. Rh2 Rh8 64. Bh6 b4 65. axb4 a5 66. bxa5
Kd8 67. Bg7 Rf4 68. Qe5 Qxe5 69. dxe5 Rxh7 70. Rxh7 d4 71. a6 Nc7 72. a7 {
PostModernist resigns} 1-0

[Event "ICS rated blitz match"]
[Site "204.178.125.65"]
[Date "2000.09.20"]
[Round "?"]
[White "PostModernist"]
[Black "Hossa"]
[Result "1-0"]
[WhiteElo "2717"]
[BlackElo "2589"]
[PlyCount "75"]
[EventDate "2000.??.??"]

1. e4 e5 2. Bc4 Nf6 3. d3 c6 4. Nf3 Be7 5. O-O d5 6. Bb3 Bg4 7. h3 Bh5 8. g4
dxe4 9. dxe4 Qxd1 10. Rxd1 Bg6 11. Nxe5 Nxe4 12. Be3 Bf6 13. Bf4 Bh4 14. f3 Nf2
15. Nxg6 hxg6 16. Re1+ Kd8 17. Kg2 Nxh3 18. Rd1+ Nd7 19. Kxh3 Bf6+ 20. Kg2 Bxb2
21. Nd2 Bxa1 22. Rxa1 f6 23. g5 Rh4 24. Kg3 Rh5 25. Ne4 Ke7 26. Re1 Kd8 27. Be6
fxg5 28. Bxg5+ Nf6 29. Bg4 Rh7 30. Rd1+ Ke8 31. Bxf6 b6 32. Rd7 Kf8 33. Ng5
Rh3+ 34. Kxh3 gxf6 35. Nh7+ Ke8 36. Nxf6+ Kf8 37. Be6 Rd8 38. Rf7# {
Hossa checkmated} 1-0

[Event "ICS rated blitz match"]
[Site "204.178.125.65"]
[Date "2000.09.20"]
[Round "?"]
[White "Hossa"]
[Black "PostModernist"]
[Result "0-1"]
[WhiteElo "2579"]
[BlackElo "2727"]
[PlyCount "118"]
[EventDate "2000.??.??"]

1. Nf3 Nf6 2. d4 g6 3. c4 Bg7 4. Nc3 O-O 5. e4 c6 6. Be2 d5 7. e5 Ne8 8. cxd5
cxd5 9. Qb3 e6 10. O-O Nc6 11. Bb5 f6 12. Re1 Bd7 13. Bxc6 Bxc6 14. Bf4 a5 15.
Re2 Qe7 16. Rae1 a4 17. Qc2 Bd7 18. exf6 Nxf6 19. Bg5 Qd6 20. Ne5 b5 21. Nxd7
Qxd7 22. Rxe6 b4 23. Nb1 Ne4 24. Re7 Qd6 25. R1xe4 Rfc8 26. Qd2 dxe4 27. Rxe4
Qd5 28. Re1 Qxa2 29. Qxb4 Rab8 30. Qd6 Rxb2 31. Qd7 Rbc2 32. d5 Rf8 33. Qe6+
Kh8 34. Qe4 Rfxf2 35. Qe8+ Rf8 36. Kh1 Rxg2 37. Bd2 Rxd2 38. Nxd2 Qxd5+ 39. Qe4
Qxd2 40. Qe2 Qd5+ 41. Qe4 Qxe4+ 42. Rxe4 a3 43. Ra4 Bb2 44. Kg2 Kg7 45. Kg3 g5
46. Ra6 h5 47. Kg2 g4 48. Ra5 Kg6 49. Ra6+ Kg5 50. Ra4 Rf3 51. Kh1 g3 52. h4+
Kf5 53. Ra8 Kg4 54. Kg2 Rf2+ 55. Kg1 Rc2 56. Rf8 a2 57. Rf1 Bd4+ 58. Rf2 a1=Q+
59. Kg2 Rxf2# {Hossa checkmated} 0-1